[Event "Irish Championships"]
[Site "Dublin"]
[Date "2010.07.10"]
[Round "8"]
[White "Rodriguez Lopez, Rafael"]
[Black "Orr, Mark"]
[Result "0-1"]
[WhiteElo "2312"]
[BlackElo "2247"]
[PlyCount "92"]

1. e4 c5 2. Nf3 Nc6 3. d4 cxd4 4. Nxd4 g6 5. Nc3 Bg7 6. Be3 Nf6 7. Bc4 O-O 8.
Bb3 d6 9. f3 Nxd4 10. Bxd4 Be6 11. Qd2 Qa5 12. O-O-O Bxb3 13. cxb3 b5 14. Kb1
b4 15. Bxf6 Bxf6 16. Nd5 Rab8 17. Nxf6+ exf6 18. Qxd6 Rb6 19. Qc7 Qa6 20. Qc4
Qb7 21. Rc1 Rd6 22. Rc2 Rfd8 23. Rhc1 Rd2 24. a4 bxa3 25. Rxd2 Rxd2 26. bxa3
Rxg2 27. Rc2 Rxc2 28. Kxc2 Qb6 29. Qe2 h5 30. b4 h4 31. Kb3 Qg1 32. e5 fxe5 33.
Qxe5 Qd1+ 34. Kc4 Qxf3 35. Qb8+ Kg7 36. Qxa7 Qe2+ 37. Kd5 Qxh2 38. Qd4+ Kg8 39.
b5 h3 40. Qd3 Qg2+ 41. Kc5 h2 42. Qd8+ Kg7 43. Qd4+ f6 44. Qd7+ Kh6 45. b6 h1=Q
46. b7 Qxb7 0-1

[Event "Irish Championships"]
[Site "Dublin"]
[Date "2010.07.10"]
[Round "8"]
[White "Benson, Oisin"]
[Black "Keogh, Eamon"]
[Result "1/2-1/2"]
[WhiteElo "2062"]
[BlackElo "2047"]
[PlyCount "78"]

1. d4 d5 2. c4 e6 3. Nc3 Nf6 4. cxd5 exd5 5. Bg5 Be7 6. Qc2 O-O 7. e3 h6 8. Bh4
b6 9. Bd3 Bb7 10. Nf3 c5 11. b3 Nc6 12. a3 Na5 13. O-O Ne4 14. Bxe7 Qxe7 15.
Ne5 Rac8 16. Nxd5 Bxd5 17. Bxe4 cxd4 18. Bh7+ Kh8 19. Qf5 Nxb3 20. Rad1 Be6 21.
Qe4 dxe3 22. fxe3 Nc5 23. Qb1 Bb3 24. Nd7 Nxd7 25. Qxb3 Kxh7 26. Qd3+ Kg8 27.
Qxd7 Qxe3+ 28. Kh1 Qc3 29. Qxa7 Ra8 30. Qb7 Qxa3 31. Qxb6 Qa6 32. Qc7 Ra7 33.
Qe5 Qb7 34. Rf3 Qe7 35. Qd4 Re8 36. h3 Ra2 37. Rdf1 f6 38. Qg4 Re2 39. Rxf6 Re1
1/2-1/2

[Event "Irish Championships"]
[Site "Dublin"]
[Date "2010.07.10"]
[Round "8"]
[White "Cafolla, Peter"]
[Black "O'Rourke, Ray"]
[Result "1-0"]
[WhiteElo "2090"]
[BlackElo "2066"]
[PlyCount "91"]

1. e4 c5 2. Nc3 d6 3. g3 g6 4. Bg2 Bg7 5. d3 Nc6 6. f4 Nf6 7. Nf3 Bg4 8. h3
Bxf3 9. Bxf3 Rb8 10. O-O O-O 11. Be3 e5 12. f5 Nd4 13. g4 Nd7 14. Qd2 Qb6 15.
Rab1 Qa6 16. Bd1 f6 17. h4 b5 18. a3 b4 19. axb4 cxb4 20. Nd5 Qa2 21. Qc1 Qa6
22. Ra1 Qb7 23. c3 bxc3 24. bxc3 Nc6 25. Ba4 Rf7 26. Qa3 Bf8 27. Bxc6 Qxc6 28.
Qxa7 gxf5 29. gxf5 Rg7+ 30. Kh1 Rb7 31. Qa2 Kh8 32. Rg1 Rb8 33. Rxg7 Bxg7 34.
Rg1 Nc5 35. Qa7 Qb7 36. Bxc5 dxc5 37. Qxc5 Rc8 38. Qf2 Qf7 39. Qg2 Rg8 40. Qg4
Qa7 41. Nxf6 Qxg1+ 42. Qxg1 Bxf6 43. Qb6 Bxh4 44. Qe6 Bg3 45. f6 Rf8 46. Qe7
1-0